Marketing management / (Record no. 344580)
[ view plain ]
| 000 -LEADER | |
|---|---|
| fixed length control field | 01556 a2200253 4500 |
| 020 ## - INTERNATIONAL STANDARD BOOK NUMBER | |
| International Standard Book Number | 0071111697 |
| 020 ## - INTERNATIONAL STANDARD BOOK NUMBER | |
| International Standard Book Number | 9780071111690 |
| 082 04 - DEWEY DECIMAL CLASSIFICATION NUMBER | |
| Classification number | 381 |
| 090 ## - LOCALLY ASSIGNED LC-TYPE CALL NUMBER (OCLC); LOCAL CALL NUMBER (RLIN) | |
| -- | 2077 |
| -- | 2077 |
| 100 1# - MAIN ENTRY--PERSONAL NAME | |
| Personal name | Mullins, John. |
| 245 10 - TITLE STATEMENT | |
| Title | Marketing management / |
| Statement of responsibility, etc. | John Mullins. |
| 260 ## - PUBLICATION, DISTRIBUTION, ETC. | |
| Place of publication, distribution, etc. | [S.l.] : |
| Name of publisher, distributor, etc. | McGraw Hill Higher Education, |
| Date of publication, distribution, etc. | 2004. |
| 300 ## - PHYSICAL DESCRIPTION | |
| Extent | 640 p. ; |
| Dimensions | 26 cm. |
| 490 1# - SERIES STATEMENT | |
| Series statement | International edition. |
| 500 ## - GENERAL NOTE | |
| General note | Paperback. |
| 520 ## - SUMMARY, ETC. | |
| Summary, etc. | "Marketing Management, 5/e" by Mullins, Walker, Boyd, and Larreche is specifically designed for courses in which decision-focused cases are an important element and/or where student projects, such as the development of a marketing plan, are assigned. The concentration on strategic decision making sets this book apart from other texts that place greater emphasis on description of marketing phenomena than on the strategic and tactical marketing decisions that managers and entrepreneurs must make each and every day. The author team's rich entrepreneurial, marketing management, and consulting experience spanning a broad variety of manufacturing, service, software, and distribution industries provides an abundance of real-world, global perspectives. |
| 700 1# - ADDED ENTRY--PERSONAL NAME | |
| Personal name | Boyd, Jr. Harper W. |
| 700 1# - ADDED ENTRY--PERSONAL NAME | |
| Personal name | Walker, Orville C. |
| 700 1# - ADDED ENTRY--PERSONAL NAME | |
| Personal name | Larreche, Jean-Claude. |
| 830 #0 - SERIES ADDED ENTRY--UNIFORM TITLE | |
| Uniform title | International edition. |
| 856 40 - ELECTRONIC LOCATION AND ACCESS | |
| Materials specified | Amazon.com |
| Uniform Resource Identifier | <a href="http://www.amazon.com/exec/obidos/ASIN/0071111697/chopaconline-20">http://www.amazon.com/exec/obidos/ASIN/0071111697/chopaconline-20</a> |
| 856 40 - ELECTRONIC LOCATION AND ACCESS | |
| Materials specified | Amazon customer reviews |
| Uniform Resource Identifier | <a href="http://www.chopac.org/cgi-bin/tools/azrev.pl?q=0071111697">http://www.chopac.org/cgi-bin/tools/azrev.pl?q=0071111697</a> |
| 942 ## - ADDED ENTRY ELEMENTS (KOHA) | |
| Institution code [OBSOLETE] | NBS |
| Koha item type | Book |
| Call number prefix | 658.8 MUL |
| Withdrawn status | Lost status | Damaged status | Not for loan | Permanent Location | Current Location | Date acquired | Total Checkouts | Full call number | Barcode | Date last seen | Price effective from | Koha item type |
|---|---|---|---|---|---|---|---|---|---|---|---|---|
| Central Library (CL) | Central Library (CL) | 08/28/2013 | 658.8 MUL | NBS7156 | 08/28/2013 | 08/28/2013 | Book |
